| 000 | 00822nam a2200241Ia 4500 | ||
|---|---|---|---|
| 003 | GCL | ||
| 008 | 140319s9999 xx 000 0 ara d | ||
| 040 |
_aGCL / _cGCL |
||
| 082 | 0 | 4 |
_a323.1 _bج ا |
| 100 | 1 | _aجمال البنا | |
| 245 | 1 | 0 |
_aاخوانى الاقباط / _cجمال البنا |
| 260 |
_aالقاهرة : _bدار الفكر الاسلامى ، _c2005 |
||
| 300 |
_a304 ص ؛ _c24 سم |
||
| 650 | 0 | 4 | _aالاسلام والمسيحية |
| 650 | 0 | 4 | _aالاصلاح الدينى |
| 650 | 0 | 4 | _aالمسيحية والسياسة |
| 650 | 0 | 4 | _aالمواطنة |
| 650 | 0 | 4 | _aالعنف - الجوانب الاخلاقية والدينية |
| 650 | 0 | 4 | _aالعنف - المسيحية |
| 650 | 0 | 4 | _aالعنف - الاسلام |
| 650 | 0 | 4 | _aالمسيحية - البرلمان |
| 942 |
_2ddc _cBK |
||
| 999 |
_c8554 _d8554 |
||